Normal view
MARC view
- Jha, Asu Ram
Entry Personal Name
001 - CONTROL NUMBER
- control field: 6690
003 - CONTROL NUMBER IDENTIFIER
- control field: OSt
005 - DATE AND TIME OF LATEST TRANSACTION
- control field: 20250101114928.0
008 - FIXED-LENGTH DATA ELEMENTS
- fixed length control field: 250101|| aca||aabn | a|a d
040 ## - CATALOGING SOURCE
- Original cataloging agency: OSt
- Transcribing agency: OSt
100 ## - HEADING--PERSONAL NAME
- Personal name: Jha, Asu Ram
670 ## - SOURCE DATA FOUND
- Source citation: Work cat.: (OSt)13455: Jha, Asu Ram ., Fiber optic technology: Applications to Commercial, industrial, Military, and space optical systems / , 2004.
